Normal view
MARC view
- Electronic books
Entry Genre/Form Term
001 - CONTROL NUMBER
- control field: 86804
003 - CONTROL NUMBER IDENTIFIER
- control field: NUST
005 - DATE AND TIME OF LATEST TRANSACTION
- control field: 20211217111734.0
008 - FIXED-LENGTH DATA ELEMENTS
- fixed length control field: 211217|| aca||aabn | a|a d
040 ## - CATALOGING SOURCE
- Original cataloging agency: NUST
- Transcribing agency: NUST
155 ## - HEADING--GENRE/FORM TERM
- Genre/form term: Electronic books
670 ## - SOURCE DATA FOUND
- Source citation: Work cat.: (NUST)32232: Lassen, Tom. 86801, Fatigue Life Analyses of Welded Structures /, 2006
